A short history of Japanese Merchant Shipping
Contents: The earliest times; the nara period (and proximate years); the heian period; the kamakura period; the period of the northern and southern courts; the muromachi period; the azuchi-momoyama period; a general survey of the yedo period; shipping between yedo and the home provinces; the eastabo...
Uloženo v:
| Hlavní autor: | |
|---|---|
| Médium: | Kniha |
| Jazyk: | Undetermined |
| Vydáno: |
Tokyo
Tokyo New Service
1967
|
| Témata: | |
| Tagy: |
Přidat tag
Žádné tagy, Buďte první, kdo otaguje tento záznam!
|
| Thư viện lưu trữ: | Trung tâm Học liệu Trường Đại học Cần Thơ |
|---|
| LEADER | 01056nam a2200229Ia 4500 | ||
|---|---|---|---|
| 001 | CTU_222101 | ||
| 008 | 210402s9999 xx 000 0 und d | ||
| 082 | |a 387.50952 | ||
| 082 | |b F983 | ||
| 100 | |a Furuta, Ryoichi | ||
| 245 | 2 | |a A short history of Japanese Merchant Shipping | |
| 245 | 0 | |c Ryoichi Furuta, Yoshikazu Hirai | |
| 260 | |a Tokyo | ||
| 260 | |b Tokyo New Service | ||
| 260 | |c 1967 | ||
| 520 | |a Contents: The earliest times; the nara period (and proximate years); the heian period; the kamakura period; the period of the northern and southern courts; the muromachi period; the azuchi-momoyama period; a general survey of the yedo period; shipping between yedo and the home provinces; the eastabout passage; the westabout passage; meiji & taisho; the showa period: part 1; the showa period: part 2, translator's note... | ||
| 650 | |a Hàng hải,Shipping | ||
| 650 | |x Lịch sử,History | ||
| 650 | |z Nhật Bản,Japan | ||
| 904 | |i Kim Tuyến | ||
| 910 | |a Qhieu | ||
| 980 | |a Trung tâm Học liệu Trường Đại học Cần Thơ | ||